Perry's Chemical engineers' handbook. (Record no. 60726)
[ view plain ]
| 000 -LEADER | |
|---|---|
| fixed length control field | 01253pam a2200313 a 4500 |
| 001 - CONTROL NUMBER | |
| control field | 2840331 |
| 003 - CONTROL NUMBER IDENTIFIER | |
| control field | NUST-PNEC |
| 005 - DATE AND TIME OF LATEST TRANSACTION | |
| control field | 20170116180706.0 |
| 008 - FIXED-LENGTH DATA ELEMENTS--GENERAL INFORMATION | |
| fixed length control field | 840127s1984 nyua b 001 0 eng |
| 010 ## - LIBRARY OF CONGRESS CONTROL NUMBER | |
| LC control number | 84000837 |
| 020 ## - INTERNATIONAL STANDARD BOOK NUMBER | |
| International Standard Book Number | 0070494797 |
| 040 ## - CATALOGING SOURCE | |
| Original cataloging agency | DLC |
| Transcribing agency | PNEC |
| 050 00 - LIBRARY OF CONGRESS CALL NUMBER | |
| Classification number | TP151 |
| Item number | .P45 1984 |
| 082 00 - DEWEY DECIMAL CLASSIFICATION NUMBER | |
| Classification number | 660.202 PER |
| 100 ## - MAIN ENTRY--PERSONAL NAME | |
| 9 (RLIN) | 345 |
| Personal name | Perry, Robert H. |
| 245 00 - TITLE STATEMENT | |
| Title | Perry's Chemical engineers' handbook. |
| 250 ## - EDITION STATEMENT | |
| Edition statement | 6th ed. / |
| Remainder of edition statement | prepared by a staff of specialists under the editorial direction of late editor Robert H. Perry ; editor, Don W. Green ; assistant editor, James O. Maloney. |
| 260 ## - PUBLICATION, DISTRIBUTION, ETC. | |
| Place of publication, distribution, etc. | New York : |
| Name of publisher, distributor, etc. | McGraw-Hill, |
| Date of publication, distribution, etc. | c1984. |
| 300 ## - PHYSICAL DESCRIPTION | |
| Extent | 1 v. (various pagings) : |
| Other physical details | 1846 ill. ; |
| Dimensions | 27 cm. |
| 500 ## - GENERAL NOTE | |
| General note | Includes Index http://www.amazon.com/Perrys-Chemical-Engineers-Handbook-Robert/dp/0070494797/ref=sr_1_1?s=books&ie=UTF8&qid=1411543232&sr=1-1&keywords=0070494797 |
| 504 ## - BIBLIOGRAPHY, ETC. NOTE | |
| Bibliography, etc. note | Includes bibliographical references and index. |
| 650 #0 - SUBJECT ADDED ENTRY--TOPICAL TERM | |
| Topical term or geographic name entry element | Chemical engineering |
| Form subdivision | Handbooks, manuals, etc. |
| General subdivision | ME |
| 700 1# - ADDED ENTRY--PERSONAL NAME | |
| Personal name | Perry, Robert H., |
| Dates associated with a name | 1924-1978. |
| 700 1# - ADDED ENTRY--PERSONAL NAME | |
| Personal name | Green, Don W. |
| 700 1# - ADDED ENTRY--PERSONAL NAME | |
| Personal name | Maloney, James O. |
| 730 0# - ADDED ENTRY--UNIFORM TITLE | |
| Uniform title | Chemical engineers' handbook. |
| 906 ## - LOCAL DATA ELEMENT F, LDF (RLIN) | |
| a | 7 |
| b | cbc |
| c | orignew |
| d | 1 |
| e | ocip |
| f | 19 |
| g | y-gencatlg |
| 942 ## - ADDED ENTRY ELEMENTS (KOHA) | |
| Source of classification or shelving scheme | |
| Koha item type | Book |
| Withdrawn status | Lost status | Source of classification or shelving scheme | Damaged status | Not for loan | Permanent Location | Current Location | Shelving location | Date acquired | Source of acquisition | Cost, normal purchase price | Total Checkouts | Full call number | Barcode | Date last seen | Cost, replacement price | Price effective from | Koha item type |
|---|---|---|---|---|---|---|---|---|---|---|---|---|---|---|---|---|---|
| Pakistan Navy Engineering College (PNEC) | Pakistan Navy Engineering College (PNEC) | Reference | 06/26/1987 | Progressive International Agency | 525.63 | 660.202 PER | PNECLIB-010940 | 09/24/2014 | 525.63 | 06/26/1987 | Book |
